[Event "Interclubs Adultes"]
[Site "?"]
[Date "2004.03.14"]
[Round "6.3"]
[White "Chapus, Norbert"]
[Black "Carteron, Olivier"]
[Result "0-1"]
[WhiteElo "1770"]
[BlackElo "1630"]
[PlyCount "80"]
[EventDate "2004.??.??"]

1. e4 e6 2. Nf3 d5 3. e5 c5 4. d4 cxd4 5. Nxd4 Nc6 6. Nxc6 bxc6 7. Bd3 Qa5+ 8.
Nd2 Ba6 9. Qe2 Bxd3 10. Qxd3 Ne7 11. O-O Ng6 12. Nb3 Qc7 13. f4 Qb6+ 14. Kh1 c5
15. Qg3 Qb5 16. Re1 Qc4 17. c3 Be7 18. Nd2 Qxf4 19. Nf3 Qxg3 20. hxg3 O-O 21.
Bf4 Rab8 22. Rab1 a5 23. a3 Rb3 24. Nd2 Rb7 25. b3 Rfb8 26. Rb2 Nf8 27. Reb1
Nd7 28. Nf3 Nb6 29. Nd2 g5 30. Be3 Nd7 31. Nf3 g4 32. Nh2 Nxe5 33. Bf4 f6 34.
Bxe5 fxe5 35. Nxg4 e4 36. Kg1 h5 37. Nf2 Bf6 38. Nd1 Be5 39. g4 hxg4 40. g3 d4
0-1

[Event "Interclubs Adultes"]
[Site "?"]
[Date "2004.03.14"]
[Round "6.4"]
[White "Arnaud, Jean-Laurent"]
[Black "Tourette, Yvan"]
[Result "0-1"]
[WhiteElo "1570"]
[BlackElo "1790"]
[PlyCount "70"]
[EventDate "2004.??.??"]

1. e4 d5 2. exd5 Qxd5 3. Nc3 Qa5 4. d4 e5 5. dxe5 Nc6 6. Nf3 Bb4 7. Bd2 Bg4 8.
Bb5 O-O-O 9. Bxc6 bxc6 10. Qe2 Ne7 11. O-O Bxf3 12. Qxf3 Rxd2 13. Qxf7 Qxe5 14.
Rfe1 Qf6 15. Qxf6 gxf6 16. Ne4 Rxc2 17. Re3 Nd5 18. Rb3 f5 19. Nc3 Bxc3 20.
bxc3 Nxc3 21. Ra3 Nb5 22. Rd3 Rd8 23. Rxd8+ Kxd8 24. g3 Nc3 25. a4 Rc1+ 26.
Rxc1 Ne2+ 27. Kg2 Nxc1 28. Kf3 Ke7 29. Ke3 Nb3 30. h3 Nc5 31. Kf4 Kf6 32. a5
Nb3 33. Ke3 Nxa5 34. Kd4 Nb7 35. f3 a5 0-1

[Event "Interclubs Adultes"]
[Site "?"]
[Date "2004.03.14"]
[Round "6.5"]
[White "Cruzille, Jean"]
[Black "Minchili, Franco"]
[Result "0-1"]
[WhiteElo "1670"]
[BlackElo "1590"]
[PlyCount "100"]
[EventDate "2004.??.??"]

1. e4 c5 2. f4 e6 3. Nf3 Nf6 4. Nc3 Be7 5. d4 cxd4 6. Qxd4 Nc6 7. Qa4 O-O 8. e5
Ne8 9. Bb5 a6 10. Bxc6 bxc6 11. Be3 Bb7 12. O-O-O Qc7 13. Ne4 d6 14. Rd3 c5 15.
exd6 Bxd6 16. Nxd6 Nxd6 17. Qa3 Ne4 18. Rhd1 Bd5 19. c4 Bxc4 20. Rd7 Qb6 21.
Ng5 Qc6 22. Nxe4 Qxe4 23. g3 Bxa2 24. Bxc5 Rac8 25. b4 Bd5 26. Qc3 Rfd8 27.
Rxd8+ Rxd8 28. Bd4 f6 29. Qc7 Re8 30. Qd7 Bc6 31. Qc7 Qd5 32. Qb6 Qc4+ 33. Kd2
Qa2+ 34. Ke1 Bb5 35. Rd2 Qb1+ 36. Rd1 Qxb4+ 37. Kf2 Qc4 38. Re1 Qc6 39. Qa7 Rc8
40. Qe7 Qd7 41. Qxe6+ Qxe6 42. Rxe6 Kf7 43. Rb6 h5 44. h4 Kg6 45. Rb7 Rc1 46.
f5+ Kxf5 47. Rxg7 Ke4 48. Bxf6 Rf1+ 49. Kg2 Rxf6 50. Rg5 Rf5 0-1

[Event "Interclubs Adultes"]
[Site "?"]
[Date "2004.03.14"]
[Round "6.6"]
[White "Royet, Damien"]
[Black "Demars, Laurent"]
[Result "0-1"]
[WhiteElo "1499"]
[BlackElo "1660"]
[PlyCount "67"]
[EventDate "2004.??.??"]

1. f4 e5 2. fxe5 d6 3. Nf3 g5 4. d4 g4 5. Ng5 dxe5 6. dxe5 Qxd1+ 7. Kxd1 Nc6 8.
Bf4 Bg7 9. g3 Bxe5 10. Bxe5 Nxe5 11. Bg2 c6 12. Nd2 Bf5 13. Be4 Ne7 14. Bxf5
Nxf5 15. Nge4 O-O-O 16. Kc1 Ne3 17. b3 Rd7 18. Kb2 f5 19. Nf1 Nxf1 20. Rhxf1
fxe4 21. Rf4 e3 22. Re4 Re8 23. Rxe3 Nc4+ 24. bxc4 Rxe3 25. Re1 Rde7 26. Rf1
Rxe2 27. c5 Rxh2 28. Rf4 h5 29. Kb3 Rh3 30. c3 Rxg3 31. a4 Rf3 32. Rd4 Ree3 33.
Rc4 g3 34. Kb4 0-1

[Event "Interclubs Adultes"]
[Site "?"]
[Date "2004.03.14"]
[Round "6.7"]
[White "Tourette, Remi"]
[Black "Martin, Julien"]
[Result "1-0"]
[WhiteElo "1530"]
[BlackElo "1270"]
[PlyCount "101"]
[EventDate "2004.??.??"]

1. e4 e5 2. Nf3 d6 3. Bc4 Nf6 4. Ng5 d5 5. exd5 Nxd5 6. Nxf7 Kxf7 7. Qf3+ Ke6
8. Nc3 c6 9. d4 Nd7 10. Ne4 Be7 11. O-O Rf8 12. Qg4+ Kf7 13. Qh5+ Kg8 14. dxe5
Nc5 15. Ng5 Bxg5 16. Bxg5 Qe8 17. Qe2 Qg6 18. Be7 Re8 19. Bxc5 Bh3 20. Qf3 Be6
21. Bd3 Qg5 22. c4 Ne7 23. Qg3 Qxg3 24. hxg3 Rad8 25. Rad1 Rxd3 26. Rxd3 Bxc4
27. Rd7 Bxf1 28. Bxe7 Ba6 29. Bd6 h6 30. f4 h5 31. Bc5 b6 32. Rxa7 Bd3 33. Bxb6
Rb8 34. Bd4 c5 35. Bc3 Bf5 36. Rc7 Rd8 37. Rxc5 Rd1+ 38. Kf2 Rc1 39. a4 Be4 40.
a5 Rc2+ 41. Ke3 Bb7 42. e6 Ba6 43. f5 Rxg2 44. Be5 Rxb2 45. Bxb2 h4 46. gxh4 g5
47. hxg5 Kh7 48. Rc7+ Kg8 49. g6 Bb5 50. Rc8+ Be8 51. Rxe8# 1-0

[Event "Interclubs Adultes"]
[Site "?"]
[Date "2004.03.14"]
[Round "6.8"]
[White "Borron, Herve"]
[Black "Martin, Denis"]
[Result "0-1"]
[WhiteElo "1190"]
[BlackElo "1499"]
[PlyCount "56"]
[EventDate "2004.??.??"]

1. c4 Nf6 2. d4 e5 3. dxe5 Ng4 4. Nf3 Bc5 5. e3 Nc6 6. Nc3 Ngxe5 7. a3 a6 8. b4
Ba7 9. c5 Nxf3+ 10. Qxf3 d6 11. cxd6 Qxd6 12. Ne4 Qe5 13. Rb1 f5 14. Ng3 Bd4
15. Qe2 Bc3+ 16. Bd2 Be6 17. f4 Bxd2+ 18. Qxd2 Qf6 19. Bd3 Rd8 20. Qc2 O-O 21.
Bxa6 bxa6 22. Qxc6 Rd3 23. Qc1 Rc3 24. Qd2 Rd8 25. Qe2 Bc4 26. Qf3 Qd6 27. Rd1
Rc1 28. Rxc1 Qd2# 0-1

[Event "Interclubs Adultes"]
[Site "?"]
[Date "2004.03.14"]
[Round "6.1"]
[White "Martin, Luc"]
[Black "Deville, Olivier"]
[Result "0-1"]
[WhiteElo "2070"]
[BlackElo "2040"]
[PlyCount "132"]
[EventDate "2004.??.??"]

1. e4 c5 2. Nc3 e6 3. Nf3 Nc6 4. Bb5 Nge7 5. O-O a6 6. Bxc6 Nxc6 7. a4 Be7 8.
d4 cxd4 9. Nxd4 Qc7 10. Nxc6 bxc6 11. Qg4 O-O 12. Bh6 Bf6 13. Bf4 e5 14. Bg5 d5
15. Qh4 Bxg5 16. Qxg5 f6 17. Qh4 d4 18. Ne2 Qd7 19. Rfd1 Qg4 20. Qxg4 Bxg4 21.
f3 Be6 22. b3 c5 23. Rab1 Rab8 24. Ng3 Rb7 25. Nf1 Rfb8 26. Nd2 Rb4 27. Kf2 c4
28. bxc4 Bxc4 29. a5 Ba2 30. Rxb4 Rxb4 31. Ke2 Ra4 32. Ke1 Be6 33. Rc1 Rxa5 34.
c3 dxc3 35. Rxc3 Ra1+ 36. Kf2 a5 37. Nc4 a4 38. Na3 Ra2+ 39. Kg3 Rb2 40. Nc4
Rb3 41. Rxb3 axb3 42. Nb2 Kf7 43. Kf2 Ke7 44. Ke3 Kd6 45. Kd2 Kc5 46. Kc3 Kb5
47. Nd1 Ka4 48. Kb2 Kb4 49. Ne3 g6 50. Nd5+ Bxd5 51. exd5 Kc5 52. Kxb3 Kxd5 53.
Kc3 f5 54. Kd3 e4+ 55. Ke3 Ke5 56. fxe4 fxe4 57. g3 g5 58. h4 h6 59. hxg5 hxg5
60. g4 Kd5 61. Ke2 Kd4 62. Kd2 e3+ 63. Ke2 Ke4 64. Ke1 Kf4 65. Ke2 Kxg4 66.
Kxe3 Kg3 0-1

[Event "Interclubs Adultes"]
[Site "?"]
[Date "2004.03.14"]
[Round "6.2"]
[White "Graillon, David"]
[Black "Kiecken, Jean-Marc"]
[Result "0-1"]
[WhiteElo "1992"]
[BlackElo "2020"]
[PlyCount "74"]
[EventDate "2004.??.??"]

1. e4 e6 2. d4 d5 3. exd5 exd5 4. Bd3 Bd6 5. Qe2+ Qe7 6. Nc3 c6 7. Nf3 Bg4 8.
Be3 Nf6 9. h3 Bh5 10. Bg5 Bxf3 11. Qxe7+ Bxe7 12. gxf3 Nbd7 13. O-O-O O-O-O 14.
Rhg1 h6 15. Bh4 g6 16. f4 Rde8 17. f5 g5 18. Bg3 Nh5 19. Rde1 Bf6 20. Ne2 Nf4
21. Nxf4 gxf4 22. Bxf4 Rxe1+ 23. Rxe1 Bxd4 24. Re7 f6 25. Be3 Be5 26. Rg7 d4
27. Bd2 Nc5 28. Rg6 Nd7 29. Bxh6 Rxh6 30. Bf1 Bf4+ 31. Kd1 Rxg6 32. fxg6 Bh6
33. h4 Ne5 34. h5 Kd8 35. f4 Ng4 36. Be2 Ne3+ 37. Kd2 Ng2 0-1

[Event "Interclubs Adultes"]
[Site "?"]
[Date "2004.03.14"]
[Round "6.3"]
[White "Bazzazi, Abdelaziz"]
[Black "Valet, Godeffroy"]
[Result "1/2-1/2"]
[WhiteElo "1951"]
[BlackElo "1960"]
[PlyCount "183"]
[EventDate "2004.??.??"]

1. d4 e6 2. e4 d5 3. e5 c5 4. c3 Nc6 5. Bb5 cxd4 6. Bxc6+ bxc6 7. cxd4 c5 8.
Ne2 cxd4 9. Nxd4 Bc5 10. O-O Qb6 11. Nb3 Ba6 12. Nxc5 Bxf1 13. Nxe6 Qxe6 14.
Qxf1 Ne7 15. f4 O-O 16. Nc3 a6 17. Bd2 Qb6+ 18. Qf2 Qxb2 19. Rb1 Qc2 20. Rc1
Qd3 21. Rd1 d4 22. Be1 Qe3 23. Rxd4 Qxf2+ 24. Kxf2 Rfd8 25. Ra4 Nc6 26. Ke3 g5
27. g3 gxf4+ 28. gxf4 Ne7 29. Ke4 Rdc8 30. f5 Rc6 31. f6 Ng6 32. Nd5 Rc2 33.
Bg3 Re2+ 34. Kf5 Rc2 35. Ne3 Rc6 36. Ng4 Kf8 37. Rb4 Ke8 38. Nh6 Ne7+ 39. Kg5
Nd5 40. Rb7 Rc7 41. Rb3 Rd7 42. Nf5 Kf8 43. Kh6 Kg8 44. Bh4 Nf4 45. Rg3+ Ng6
46. Ne7+ Kh8 47. Nxg6+ hxg6 48. Bg5 Rad8 49. e6 Rc7 50. exf7 Rxf7 51. Kxg6 Rdf8
52. Ra3 Rh7 53. h4 Rg8+ 54. Kf5 Ra8 55. Ra5 Rb7 56. Re5 Rb5 57. Bf4 Rxe5+ 58.
Bxe5 Kg8 59. Kg6 Ra7 60. h5 Rd7 61. h6 Rb7 62. a4 Rd7 63. a5 Rb7 64. Bd6 Rf7
65. Bc5 Rh7 66. Bf8 Rf7 67. Be7 Rh7 68. Bd6 Rf7 69. Be5 Rh7 70. f7+ Rxf7 71.
Bf6 Rc7 72. Bd8 Rc6+ 73. Bf6 Rc7 74. Bd4 Rc6+ 75. Kg5 Kh7 76. Bb6 Rxh6 77. Kf5
Rh5+ 78. Ke6 Rb5 79. Kd7 Rf5 80. Kc6 Rf7 81. Bc5 Rf6+ 82. Kb7 Kg6 83. Bb6 Rf5
84. Kc6 Rf7 85. Bc5 Kg5 86. Bd4 Rf5 87. Bc5 Rf6+ 88. Kb7 Kf4 89. Ka7 Ke4 90.
Bb6 Rf5 91. Kb7 Rxa5 92. Bxa5 1/2-1/2

[Event "Interclubs Adultes"]
[Site "?"]
[Date "2004.03.14"]
[Round "6.4"]
[White "Bron, Philippe"]
[Black "Rodriguez, Jean-Pierre"]
[Result "1-0"]
[WhiteElo "1790"]
[BlackElo "1941"]
[PlyCount "61"]
[EventDate "2004.??.??"]

1. Nf3 Nf6 2. g3 e6 3. Bg2 d5 4. O-O c5 5. d4 Nc6 6. c4 Be7 7. cxd5 Nxd5 8.
dxc5 Bxc5 9. a3 O-O 10. Qc2 Qe7 11. e4 Nc7 12. Nc3 Nd4 13. Nxd4 Bxd4 14. Re1
Rd8 15. Be3 Bxe3 16. Rxe3 Bd7 17. e5 Rab8 18. Rd1 Qc5 19. Red3 Qe7 20. Qd2 Nd5
21. Nxd5 exd5 22. Rxd5 Re8 23. Rxd7 Qxe5 24. Rxb7 g6 25. Rxb8 Rxb8 26. b4 a5
27. bxa5 Rb2 28. Qd8+ Kg7 29. a6 Qe2 30. Qd4+ Kh6 31. a7 1-0

[Event "Interclubs Adultes"]
[Site "?"]
[Date "2004.03.14"]
[Round "6.5"]
[White "Paris, Thierry"]
[Black "Desassis, Gregoire"]
[Result "1-0"]
[WhiteElo "1840"]
[BlackElo "1660"]
[PlyCount "45"]
[EventDate "2004.??.??"]

1. e4 e6 2. d4 d5 3. Nc3 Nc6 4. e5 Bb4 5. Bb5 Nge7 6. f4 O-O 7. Nf3 a6 8. Bd3
f6 9. O-O fxe5 10. fxe5 Nf5 11. Ne2 Ba5 12. c3 b5 13. b4 Bb6 14. Bd2 Nh6 15.
Bxh6 gxh6 16. Qd2 h5 17. Qh6 Rf7 18. Ng5 Qf8 19. Bxh7+ Kh8 20. Qxf8+ Rxf8 21.
Rxf8+ Kg7 22. Rg8+ Kh6 23. Rg6# 1-0

[Event "Interclubs Adultes"]
[Site "?"]
[Date "2004.03.14"]
[Round "6.6"]
[White "Chabas, Jean-Luc"]
[Black "Dridi, Abdessalem"]
[Result "0-1"]
[WhiteElo "1580"]
[BlackElo "1680"]
[PlyCount "64"]
[EventDate "2004.??.??"]

1. e4 c5 2. Nf3 Nc6 3. d4 cxd4 4. Nxd4 Nf6 5. Nc3 d6 6. Be2 g6 7. Be3 Bg7 8.
O-O O-O 9. Qd2 Ng4 10. Bxg4 Bxg4 11. Kh1 Bd7 12. Nb3 Ne5 13. Qe2 a6 14. Nd2 Rc8
15. Qd1 Ng4 16. Re1 Bxc3 17. bxc3 Rxc3 18. Bd4 Rc8 19. f3 Ne5 20. Nf1 Ba4 21.
Re2 Bb5 22. Rf2 Bxf1 23. Qxf1 Qa5 24. Re2 Rc4 25. Bxe5 Qxe5 26. Qd1 Rfc8 27.
Rc1 b5 28. Rd2 Qb2 29. Rb1 Qxa2 30. Ra1 Qb2 31. c3 Qxc3 32. Rxa6 Qxd2 0-1

[Event "Interclubs Adultes"]
[Site "?"]
[Date "2004.03.14"]
[Round "6.7"]
[White "Vurpas, Fanny"]
[Black "Barthelemy, Jerome"]
[Result "0-1"]
[WhiteElo "1460"]
[BlackElo "1510"]
[PlyCount "111"]
[EventDate "2004.??.??"]

1. e4 c5 2. Nf3 e6 3. Nc3 a6 4. d3 Nc6 5. g3 d6 6. Bg2 Nf6 7. O-O Be7 8. Re1 e5
9. h3 O-O 10. Nd5 Nxd5 11. exd5 Nd4 12. c3 Nxf3+ 13. Qxf3 b5 14. Bd2 Bg5 15.
Qd1 f5 16. h4 Bxd2 17. Qxd2 f4 18. Be4 Bh3 19. c4 b4 20. Bh1 Qd7 21. Qe2 fxg3
22. fxg3 Rf6 23. Qe4 Raf8 24. Re2 R8f7 25. Rae1 Bf5 26. Qe3 Bg4 27. Rc2 Bf3 28.
Kh2 Qg4 29. Qg5 Qxg5 30. hxg5 Rf5 31. Bxf3 Rxf3 32. Kh3 Rxd3 33. b3 Rdf3 34.
Kg4 h6 35. g6 R7f6 36. Rh2 R6f5 37. Ree2 Kf8 38. Rh5 Rf6 39. Rhh2 Rf1 40. Kh5
R6f5+ 41. Kh4 Ke7 42. g4 Rg5 43. Ref2 Rxf2 44. Rxf2 Rxg6 45. Re2 Rf6 46. Kg3 g6
47. Re4 g5 48. Re2 Kf7 49. Re4 Rf4 50. Rxf4+ exf4+ 51. Kf3 Kf6 52. Ke4 a5 53.
Kf3 Ke5 54. Ke2 Ke4 55. Kf2 Kd3 56. Kf3 0-1

[Event "Interclubs Adultes"]
[Site "?"]
[Date "2004.03.14"]
[Round "6.8"]
[White "Mialon, Franck"]
[Black "Meyer, Bernard"]
[Result "0-1"]
[WhiteElo "1290"]
[BlackElo "1320"]
[PlyCount "78"]
[EventDate "2004.??.??"]

1. e4 e5 2. f4 d5 3. Nf3 Bg4 4. d3 dxe4 5. dxe4 Qxd1+ 6. Kxd1 Nc6 7. Be2 Rd8+
8. Bd2 Nf6 9. fxe5 Nxe4 10. Re1 Bxf3 11. Bxf3 Nxd2 12. Nxd2 Be7 13. Bxc6+ bxc6
14. Re2 O-O 15. g3 Bg5 16. Ke1 Rfe8 17. h4 Bxd2+ 18. Rxd2 Rxe5+ 19. Re2 f6 20.
Rxe5 fxe5 21. Rd1 Rxd1+ 22. Kxd1 Kf7 23. Ke2 Ke6 24. Kd3 c5 25. c3 a5 26. Ke4
h6 27. h5 c6 28. b3 Kf6 29. g4 Kg5 30. Kxe5 Kxg4 31. Kd6 Kxh5 32. Kxc6 g5 33.
Kd5 g4 34. Ke4 Kg5 35. b4 cxb4 36. c4 Kf6 37. c5 Ke6 38. Kf4 h5 39. c6 Kd6 0-1

[Event "Interclubs Adultes"]
[Site "?"]
[Date "2004.03.14"]
[Round "6.1"]
[White "Bislimi, Agron"]
[Black "Guedon, Stephane"]
[Result "0-1"]
[WhiteElo "2100"]
[BlackElo "2209"]
[PlyCount "66"]
[EventDate "2004.??.??"]

1. e4 e6 2. d4 d5 3. e5 c5 4. c3 Qb6 5. f4 Nc6 6. Nf3 Bd7 7. a4 Nh6 8. Bb5 Rc8
9. O-O cxd4 10. cxd4 Nf5 11. Kh1 h5 12. Nc3 h4 13. a5 Nxa5 14. Bxd7+ Kxd7 15.
Qa4+ Nc6 16. Ne2 Bb4 17. Qd1 Kc7 18. Bd2 Kb8 19. Ra4 Qb5 20. Bxb4 Nxb4 21. Nc3
Qb6 22. Re1 Rc4 23. Ra3 Nc6 24. Na4 Qb4 25. Qa1 Ncxd4 26. Nxd4 Rxd4 27. Nc3 Rd2
28. Ne2 h3 29. Rf3 hxg2+ 30. Kg1 Qc5+ 31. Rf2 Rxh2 32. Qa3 Qxa3 33. bxa3 Rh1+
0-1

[Event "Interclubs Adultes"]
[Site "?"]
[Date "2004.03.14"]
[Round "6.3"]
[White "Marmey, Cedric"]
[Black "Lux, Gregory"]
[Result "0-1"]
[WhiteElo "1940"]
[BlackElo "2064"]
[PlyCount "48"]
[EventDate "2004.??.??"]

1. e4 e6 2. d4 d5 3. exd5 exd5 4. Bd3 Bd6 5. Ne2 Ne7 6. c3 Bf5 7. Bf4 O-O 8.
O-O Nbc6 9. Qc2 Bxd3 10. Qxd3 Ng6 11. Bxd6 Qxd6 12. Nd2 Nd8 13. Rfe1 Ne6 14.
Nf1 f5 15. Rac1 f4 16. f3 Nh4 17. c4 Ng5 18. Nd2 Qh6 19. Kf2 Nf5 20. Nf1 Qh4+
21. Kg1 Rf6 22. Qd2 Rg6 23. Kh1 Nxf3 24. gxf3 Qf2 0-1

[Event "Interclubs Adultes"]
[Site "?"]
[Date "2004.03.14"]
[Round "6.4"]
[White "Monneret, Guy"]
[Black "Pardon, Francois"]
[Result "1-0"]
[WhiteElo "2019"]
[BlackElo "1940"]
[PlyCount "65"]
[EventDate "2004.??.??"]

1. e4 e5 2. Nf3 Nf6 3. Nxe5 d6 4. Nf3 Nxe4 5. d4 d5 6. Bd3 Nc6 7. O-O Bg4 8. c4
Bxf3 9. Qxf3 Nxd4 10. Qe3 Nf5 11. Qf4 Qd7 12. cxd5 Ned6 13. Nd2 O-O-O 14. Nf3
Ne7 15. Qd4 Kb8 16. Be3 Ndc8 17. Ne5 Qxd5 18. Qxd5 Rxd5 19. Nxf7 Rxd3 20. Nxh8
Nd6 21. Rfd1 Rxd1+ 22. Rxd1 g6 23. Bf4 Nef5 24. g4 Nh6 25. f3 Bg7 26. Bxd6 cxd6
27. Nxg6 hxg6 28. Rxd6 Bxb2 29. Rxg6 Bc1 30. g5 Nf5 31. Rf6 Be3+ 32. Kf1 Ne7
33. g6 1-0

[Event "Interclubs Adultes"]
[Site "?"]
[Date "2004.03.14"]
[Round "6.5"]
[White "Erb, Yves"]
[Black "Ivanov, Tsewov-Grisha"]
[Result "0-1"]
[WhiteElo "1760"]
[BlackElo "2030"]
[PlyCount "46"]
[EventDate "2004.??.??"]

1. e4 Nf6 2. e5 Nd5 3. c4 Nb6 4. d4 d6 5. f4 dxe5 6. fxe5 c6 7. Nc3 g6 8. Bf4
Bg7 9. Qd2 Bf5 10. h3 h5 11. Nf3 Na6 12. a3 Nc7 13. Be2 Ne6 14. Be3 Qc7 15. c5
Nd7 16. O-O-O b5 17. d5 Nexc5 18. Nd4 Bxe5 19. b4 Bxd4 20. bxc5 Nxc5 21. Kb2
Na4+ 22. Kb3 Bxc3 23. Qc1 Qe5 0-1

[Event "Interclubs Adultes"]
[Site "?"]
[Date "2004.03.14"]
[Round "6.6"]
[White "Picot, Brice"]
[Black "Coez, Thierry"]
[Result "0-1"]
[WhiteElo "1860"]
[BlackElo "1740"]
[PlyCount "55"]
[EventDate "2004.??.??"]

1. d4 e6 2. Nf3 Nf6 3. c4 d5 4. Nc3 c6 5. c5 b6 6. cxb6 axb6 7. g3 Bd6 8. Bg2
h6 9. O-O Ba6 10. Re1 O-O 11. e4 dxe4 12. Nxe4 Nxe4 13. Rxe4 Bc4 14. Rg4 f5 15.
Rh4 Bd5 16. Bxh6 gxh6 17. Rxh6 Rf6 18. Rh4 Qe8 19. Ne5 Ra7 20. Qe2 Rh7 21. Rxh7
Kxh7 22. h4 Bxg2 23. Kxg2 c5 24. Nf3 cxd4 25. Nxd4 e5 26. Nf3 Qc6 27. Kh3 Kg7
28. Rd1 0-1

[Event "Interclubs Adultes"]
[Site "?"]
[Date "2004.03.14"]
[Round "6.7"]
[White "Del Guidice, Thomas"]
[Black "Battendier, Jean-Louis"]
[Result "1/2-1/2"]
[WhiteElo "1630"]
[BlackElo "1830"]
[PlyCount "88"]
[EventDate "2004.??.??"]

1. e4 d5 2. exd5 Qxd5 3. Nc3 Qd6 4. d4 a6 5. Bc4 e6 6. Nge2 Nf6 7. a3 b5 8. Bf4
Qd8 9. Bd3 Bb7 10. f3 Bd6 11. Bxd6 Qxd6 12. Ne4 Nxe4 13. Bxe4 c6 14. O-O Nd7
15. Qd2 Nf6 16. Qf4 Rd8 17. Rfd1 Qxf4 18. Nxf4 Ke7 19. c4 bxc4 20. Rac1 Nd5 21.
g3 Nb6 22. Ng2 f5 23. Bb1 Rd7 24. Ne3 Rhd8 25. Nxc4 Nxc4 26. Rxc4 c5 27. Rxc5
Bxf3 28. Rd3 Be4 29. Rd1 Bxb1 30. Rxb1 Rxd4 31. Rc7+ Kf6 32. Rc6 R8d6 33. Rxd6
Rxd6 34. b4 Rd3 35. a4 e5 36. b5 axb5 37. axb5 Rd7 38. b6 Rb7 39. Kf2 Ke6 40.
Ke3 Kd5 41. Rb5+ Kd6 42. h3 h6 43. Kf3 h5 44. Ke3 e4 1/2-1/2

[Event "Interclubs Adultes"]
[Site "?"]
[Date "2004.03.14"]
[Round "6.8"]
[White "Grasset, Didier"]
[Black "Boutin, Bernard"]
[Result "1-0"]
[WhiteElo "1780"]
[BlackElo "1499"]
[PlyCount "136"]
[EventDate "2004.??.??"]

1. e4 e5 2. Nf3 Nc6 3. Bb5 Nf6 4. O-O a6 5. Ba4 b5 6. Bb3 h6 7. c3 d6 8. d4 Bg4
9. d5 Na5 10. Bc2 Nb7 11. h3 Bd7 12. Be3 c6 13. Nh2 cxd5 14. exd5 Be7 15. Qd2
Qc8 16. f4 Qc7 17. f5 Nc5 18. Ng4 Nxg4 19. hxg4 Qd8 20. Qf2 Bc8 21. b4 Nd7 22.
a4 Nf6 23. Qf3 Bb7 24. Bb3 e4 25. Qd1 Nh7 26. axb5 axb5 27. Rxa8 Qxa8 28. Qe2
O-O 29. Qd2 Bg5 30. Bxg5 Nxg5 31. Qd4 f6 32. c4 bxc4 33. Bxc4 Ba6 34. b5 Bb7
35. Nd2 Re8 36. Re1 Re5 37. Nxe4 Bxd5 38. Bxd5+ Rxd5 39. Qc4 Nf7 40. Qc6 Qxc6
41. bxc6 Ra5 42. c7 Ra8 43. Nc3 Rc8 44. Nd5 Kf8 45. Rc1 Ke8 46. Nb6 Rxc7 47.
Rxc7 Ne5 48. Rxg7 Kf8 49. Rc7 Nxg4 50. Nd5 h5 51. Rh7 Kg8 52. Rxh5 Kg7 53. Kf1
Ne5 54. Ke2 Nd7 55. Ke3 Nf8 56. Kf4 Nh7 57. g4 Ng5 58. Rxg5+ fxg5+ 59. Kxg5 Kf7
60. Kh6 Kg8 61. g5 Kf7 62. Kh7 Ke8 63. g6 Kd7 64. g7 Kc6 65. g8=Q Kc5 66. Qe6
Kc6 67. f6 Kc5 68. f7 Kc6 1-0

[Event "Interclubs Adultes"]
[Site "?"]
[Date "2004.03.14"]
[Round "6.1"]
[White "Billiard, Bernard"]
[Black "Curto, Nicolas"]
[Result "1-0"]
[WhiteElo "2200"]
[BlackElo "2040"]
[PlyCount "59"]
[EventDate "2004.??.??"]

1. e4 c5 2. Nf3 Nc6 3. d4 cxd4 4. Nxd4 Nf6 5. Nc3 e5 6. Ndb5 d6 7. Bg5 a6 8.
Na3 b5 9. Nd5 Qa5+ 10. Bd2 Qd8 11. Nxf6+ Qxf6 12. Be3 Be6 13. c4 b4 14. Qa4 Rc8
15. Nc2 a5 16. Bb6 Qg6 17. f3 Be7 18. c5 dxc5 19. Bb5 Bh4+ 20. g3 Bxg3+ 21. Ke2
O-O 22. hxg3 f5 23. Bxc5 fxe4 24. Bxf8 Qxg3 25. Raf1 Qg2+ 26. Kd1 e3 27. Nxe3
Qxb2 28. Qc2 Qd4+ 29. Ke2 Na7 30. Qxh7+ 1-0

[Event "Interclubs Adultes"]
[Site "?"]
[Date "2004.03.14"]
[Round "6.2"]
[White "Tissot, Fabien"]
[Black "Vuiton, Stephane"]
[Result "0-1"]
[WhiteElo "1750"]
[BlackElo "2082"]
[PlyCount "64"]
[EventDate "2004.??.??"]

1. d4 d5 2. c4 c6 3. Nc3 Nf6 4. Nf3 dxc4 5. e4 b5 6. e5 Nd5 7. a4 Nxc3 8. bxc3
Bf5 9. axb5 cxb5 10. Ba3 e6 11. Bxf8 Kxf8 12. g3 a5 13. Nd2 Ra7 14. Bg2 Bd3 15.
Be4 Bxe4 16. Nxe4 Qd5 17. Qf3 Nc6 18. Ke2 b4 19. Nd2 Ke7 20. Qxd5 exd5 21. Ke3
bxc3 22. Nb1 Nb4 23. Rc1 c2 24. Na3 Rb8 25. Nxc2 Nxc2+ 26. Rxc2 Rb3+ 27. Ke2 a4
28. Rca2 a3 29. Kd1 Ke6 30. Kc1 Kf5 31. Rb1 Ke4 32. Rd2 Rd3 0-1

[Event "Interclubs Adultes"]
[Site "?"]
[Date "2004.03.14"]
[Round "6.4"]
[White "Persyn, Jacques"]
[Black "Griottier, Pierre-Yves"]
[Result "1-0"]
[WhiteElo "1620"]
[BlackElo "1780"]
[PlyCount "113"]
[EventDate "2004.??.??"]

1. e4 e5 2. Nf3 Nf6 3. Nxe5 Qe7 4. d4 d6 5. Nf3 Qxe4+ 6. Be2 d5 7. O-O Be7 8.
Nc3 Qe6 9. Bf4 c6 10. Bd3 O-O 11. Ng5 Qg4 12. Qd2 Bb4 13. f3 Qd7 14. Rae1 Bd6
15. Re2 Qc7 16. Bxd6 Qxd6 17. Rfe1 h6 18. Nh3 Na6 19. a3 Nc7 20. Re5 Bxh3 21.
gxh3 Rae8 22. R1e2 Nd7 23. Rxe8 Rxe8 24. Rg2 Qe6 25. Ne2 Qxh3 26. Ng3 Ne6 27.
Nf5 Kh8 28. Rg3 Qh5 29. Qe3 f6 30. Nd6 Re7 31. Bg6 Qh4 32. Nf5 Qf4 33. Qxf4
Nxf4 34. Nxe7 Ne2+ 35. Kf2 Nxg3 36. hxg3 Nb6 37. b3 a5 38. a4 Nd7 39. Bf5 Nb8
40. Bd3 Nd7 41. Nf5 Kg8 42. c4 b6 43. Ne7+ Kf7 44. Nxc6 Ke6 45. Na7 Kd6 46.
Nb5+ Kc6 47. Ke3 Nf8 48. Kf4 Ne6+ 49. Kf5 Ng5 50. f4 Nf3 51. Kg6 Nd2 52. Kxg7
Nxb3 53. Kxf6 Nd2 54. cxd5+ Kxd5 55. Kg6 Nc4 56. f5 Nb2 57. Bc2 1-0

[Event "Interclubs Adultes"]
[Site "?"]
[Date "2004.03.14"]
[Round "6.5"]
[White "Berthelot, Pascal"]
[Black "Abdou Issaka, Boubacar"]
[Result "1-0"]
[WhiteElo "1660"]
[BlackElo "1640"]
[PlyCount "77"]
[EventDate "2004.??.??"]

1. e4 c5 2. Nf3 d6 3. d4 cxd4 4. Nxd4 Nf6 5. Qd3 a6 6. c4 Qb6 7. Be2 Nc6 8.
Nxc6 bxc6 9. O-O e5 10. Nc3 Be6 11. Kh1 Be7 12. Qg3 Rg8 13. f4 exf4 14. Bxf4
Qxb2 15. Bxd6 Nxe4 16. Nxe4 Qxe2 17. Ng5 Bxg5 18. Qxg5 Ra7 19. Qc5 Rd7 20. Rfe1
Qd3 21. Rad1 Qc3 22. Qxc6 Qa5 23. Bc7 Qxc7 24. Rxe6+ fxe6 25. Qxe6+ Kf8 26.
Rxd7 Qxd7 27. Qxd7 g6 28. c5 Rg7 29. Qxg7+ Kxg7 30. c6 Kf7 31. c7 Ke7 32. c8=Q
a5 33. Qc5+ Kf6 34. Qxa5 h5 35. Qc5 g5 36. a4 g4 37. a5 h4 38. a6 Kg6 39. a7
1-0

[Event "Interclubs Adultes"]
[Site "?"]
[Date "2004.03.14"]
[Round "6.6"]
[White "Malabave, Gabriel"]
[Black "Baud, Antoine"]
[Result "1-0"]
[WhiteElo "1670"]
[BlackElo "1620"]
[PlyCount "117"]
[EventDate "2004.??.??"]

1. e4 e6 2. d4 d5 3. Nd2 Nf6 4. e5 Nfd7 5. Ngf3 c5 6. c3 Nc6 7. Bb5 Qb6 8. Qe2
a6 9. Bxc6 bxc6 10. O-O cxd4 11. cxd4 c5 12. Nb3 c4 13. Nbd2 Be7 14. Rd1 a5 15.
Nf1 Ba6 16. Qe3 Rb8 17. Ng3 g6 18. Ne2 Qd8 19. Nc3 Bb5 20. Qh6 Bf8 21. Qh3 Bg7
22. Bg5 Qc8 23. Re1 Kf8 24. Bh6 Bc6 25. Bxg7+ Kxg7 26. Rab1 a4 27. a3 Rb7 28.
Ng5 Nf8 29. Re3 Qd8 30. f4 h6 31. Nf3 Qe7 32. g4 Qd7 33. Re2 Qd8 34. Rf1 Bd7
35. Qg2 g5 36. Ne1 gxf4 37. Rxf4 Qg5 38. Ref2 Be8 39. h4 Qd8 40. Nf3 Rg8 41. g5
h5 42. Rf6 Ng6 43. Qg3 Qa5 44. Ne1 Qc7 45. Ng2 Qe7 46. Qf3 Rh8 47. Kh2 Qd8 48.
Qd1 Qa5 49. Qc2 Qa7 50. Qd2 Qb8 51. Kh3 Qa7 52. Ne2 Rb3+ 53. Kh2 Qb6 54. Nef4
Qc7 55. Rxe6 Qd7 56. Rf6 Qg4 57. Nxd5 Nxh4 58. Nde3 Qe4 59. R6f4 1-0

[Event "Interclubs Adultes"]
[Site "?"]
[Date "2004.03.14"]
[Round "6.7"]
[White "Robinet, Olivier"]
[Black "Parpillon, Georges"]
[Result "1-0"]
[WhiteElo "1650"]
[BlackElo "1630"]
[PlyCount "69"]
[EventDate "2004.??.??"]

1. e4 e5 2. Nf3 Nc6 3. d4 exd4 4. Bc4 Bb4+ 5. c3 dxc3 6. O-O cxb2 7. Bxb2 Bf8
8. Qd5 Qe7 9. Ng5 Nh6 10. Nc3 Ne5 11. Nb5 d6 12. Bxe5 dxe5 13. Qd2 c6 14. Rfd1
a6 15. Qa5 cxb5 16. Bxb5+ axb5 17. Qxa8 Qc7 18. Rac1 Bc5 19. a4 O-O 20. axb5 b6
21. Qc6 Qe7 22. Nf3 Ng4 23. Rd2 h6 24. h3 Nf6 25. Rcd1 Bb7 26. Rd7 Bxc6 27.
Rxe7 Bxb5 28. Rxe5 Be2 29. Rc1 Rd8 30. Nh4 Rd2 31. Nf5 Bd3 32. Ne7+ Kf8 33. Nd5
Bxf2+ 34. Kh1 Bxe4 35. Rc8+ 1-0